[Event "URU-ch sf"]
[Site "Montevideo"]
[Date "2024.02.12"]
[Round "5"]
[White "Yakes, Nikolai"]
[Black "Colosi, Felipe"]
[Result "0-1"]
[WhiteElo "1394"]
[BlackElo "1652"]
[PlyCount "74"]
[EventDate "2024.02.09"]
[EventType "swiss"]
[EventRounds "7"]
[EventCountry "URU"]
[SourceTitle "CB08_2024"]
[SourceDate "2024.02.21"]
[SourceVersion "1"]
[SourceVersionDate "2024.02.21"]
[SourceQuality "1"]

1. e4 e6 2. d4 d5 3. e5 c5 4. c3 Nc6 5. Nf3 Qb6 6. Bd3 Bd7 7. 0-0 cxd4 8. Re1 Bc5 9. b4 Be7 10. b5 Na5 11. Nxd4 Bc5 12. Qg4 g6 13. Be3 Ne7 14. Nd2 Nf5 15. Nxf5 exf5 16. Bxc5 fxg4 17. Bxb6 axb6 18. c4 dxc4 19. Nxc4 Nxc4 20. Bxc4 Ke7 21. Bd5 Be6 22. Bxb7 Rxa2 23. Rxa2 Bxa2 24. f4 Rd8 25. Kf2 Rd2+ 26. Kg3 Bd5 27. Bxd5 Rxd5 28. Rb1 h5 29. Rb2 Ke6 30. Kh4 Kf5 31. g3 Rc5 32. Rd2 f6 33. exf6 Kxf6 34. Rb2 Kf5 35. h3 Rd5 36. hxg4+ hxg4 37. Rd2 g5+ 0-1